000 00919nas a2200289 4500
001 BR2011000176
003 BR-BrBNA
005 20231205114354.0
007 ta
008 230509b bl.|||p| |||| 00| 00por d
040 _aBR-BrBNA
_bpor
_cBiblioteca Nacional de Agricultura
041 _a(Pt)
072 _aF60; E10
100 1 _aPinho, L. de
100 1 _aPaes, M.C.D.
100 1 _aAlmeida, A.C. de
100 1 _aCosta, C.A. da
245 1 _aQualidade de milho verde cultivado em sistemas de produção orgânico e convencional
650 _aMILHO VERDE
650 _aQUALIDADE
650 _aCARACTERÍSTICAS AGRONÔMICAS
650 _aPROPRIEDADE FÍSICO-QUÍMICA
650 _aSISTEMA DE PRODUÇÃO
773 0 _tRevista Brasileira de Milho e Sorgo (Brazil)
_xISSN 1676-689X
_g(Sep-Dec 2008), v. 7(3) p. 279-290
_wBR2011000176
909 _a202311
_bLúcia
_c55
_dLúcia Elande
942 _2AGRIS
_n0
_cANA
999 _c208470
_d208470